The handbook to Bible study : with a guide to the Scofield study system /

Bibliographic Details
Main Author: Karleen, Paul S.
Format: Book
Language:English
Published: New York : Oxford University Press, 1987.
Subjects:

MARC

Tag First Indicator Second Indicator Subfields
LEADER 00000cam a2200000 a 4500
001 in00000018557
005 20151007053257.0
008 870217s1987 nyu b 00110 eng
010 |a  87005569  
020 |a 019504987X (alk. paper) 
035 |a (OCoLC)15281898 
035 |9 AAB1057AM 
040 |a DLC  |c DLC  |d TXA  |d UtOrBLW 
049 |a TXAM  |c [A11085515] 
050 0 0 |a BS600.2  |b .K33 1987 
082 0 |a 220/.07  |2 19 
100 1 |a Karleen, Paul S. 
245 1 4 |a The handbook to Bible study :  |b with a guide to the Scofield study system /  |c Paul S. Karleen. 
264 1 |a New York :  |b Oxford University Press,  |c 1987. 
300 |a xvi, 469 pages ;  |c 24 cm. 
336 |a text  |b txt  |2 rdacontent 
337 |a unmediated  |b n  |2 rdamedia 
338 |a volume  |b nc  |2 rdacarrier 
500 |a "This book is intended as a companion to the Scofield Reference Bible"--Pref. 
504 |a Bibliography: pages 429-438. 
500 |a Includes indexes. 
630 0 0 |a Bible  |x Study and teaching  |x Handbooks, manuals, etc. 
650 0 |a Scofield reference Bible system  |x Handbooks, manuals, etc. 
999 |a MARS 
999 f f |s d4935ff5-cefa-3997-bc9a-7895b7706818  |i b273b3d0-249d-32e0-ba3f-4f362d291802  |t 0 
952 f f |p normal  |a Texas A&M University  |b College Station  |c Sterling C. Evans Library  |d Evans: Library Stacks  |t 0  |e BS600.2 .K33 1987  |h Library of Congress classification  |i unmediated -- volume  |m A14811085515 
998 f f |a BS600.2 .K33 1987  |t 0  |l Evans: Library Stacks